No One Mourns the Wicked- WICKED all lyrics - Statistics

General Stats
  • This quiz has been taken 310 times
  • The average score is 321 of 407
Answer Stats
Answer % Correct
The
99%
the
99%
dead!
98%
Dead!
98%
dead
98%
go
98%
wicked
98%
Wicked
98%
wicked?
98%
wicked!
98%
Witch
98%
witch
98%
Good
97%
good
97%
I
97%
is
97%
she
97%
She's
97%
she's
97%
a
96%
news!
96%
of
96%
we
96%
West
96%
No
93%
no
93%
mourns
92%
on
92%
one
92%
ever
91%
know
91%
be
90%
be?
90%
in
90%
was
90%
all
89%
goodness
89%
Goodness
89%
it
89%
it?
89%
Oz
88%
Oz!
88%
there
88%
us
88%
here
87%
It's
87%
it's
87%
Glinda!
86%
wickedest
86%
alone
85%
and
85%
And
85%
die
85%
who
85%
you
85%
knows
84%
Let
83%
are
82%
Are
82%
cry
81%
Look!
81%
to
81%
enemy
80%
glad
80%
lonely
80%
that
80%
their
80%
They
80%
they
80%
what
80%
What
80%
your
80%
grateful
79%
just
79%
lives
79%
could
78%
do
78%
have
78%
Have
78%
man
78%
when
78%
you're
78%
so
77%
So
77%
cries
76%
only
76%
grave
75%
green
75%
Green!
75%
our
75%
had
74%
lily
74%
own
74%
them?
74%
won't
74%
born
73%
left
73%
Or
73%
return!
73%
shows
73%
upon
73%
wickedness
73%
by
72%
for
72%
my
72%
father
71%
Isn't
71%
lays
71%
night
71%
out
71%
after
70%
baby
70%
How
70%
how?
70%
leave
70%
nice
70%
drink
69%
like
69%
me
69%
mother
69%
people
69%
another
68%
children
68%
I'm
68%
little
68%
Through
68%
heart
67%
miss
67%
see
67%
thrust
67%
workings
67%
as
66%
beauty
66%
can
66%
died
66%
learn
66%
we'll
66%
well
66%
gone!
65%
Now?
65%
Now
65%
secrets
65%
sight
65%
been
64%
dark
64%
elixir
64%
eyed
64%
hate
64%
many
64%
misbehave
64%
town
64%
at
63%
family
63%
subdue
63%
down
62%
easy!
62%
more
62%
truth
62%
unnaturally
62%
but
61%
away
60%
away!
60%
follow
60%
scorns
60%
alright
59%
does
59%
got
59%
I've
59%
last
59%
Take
59%
take
59%
while
59%
couldn't
58%
curl
58%
different
58%
mixer
58%
ourselves
58%
that's
58%
cabbadge
57%
mean?
57%
reap
57%
coming
56%
sow
56%
Yes
56%
obscene!
55%
baby's
54%
healthy
53%
lie
53%
nose
53%
course
52%
joy
52%
lovely
50%
lady
49%
perfect
49%
land
48%
nothing
48%
froggy
47%
moment
47%
there's
47%
from
46%
sweet
46%
outlive
44%
swallow
44%
throughout
44%
grows
41%
those
37%
believe'll
35%
shown
35%
ferny
32%
woe
27%
spurn
25%
what's
25%
atrocious
24%
wrong?
22%
rejocify
16%
No matching quizzes found
Score Distribution
Percent of People with Each Score
Percentile by Number Answered
Your Score History
You have not taken this quiz